Overseas sales now dominate says annual BADA survey (Record no. 67255)

MARC details
000 -LEADER
fixed length control field 00841cam a2200193 4500
001 - CONTROL NUMBER
control field WB3722-01
008 - FIXED-LENGTH DATA ELEMENTS--GENERAL INFORMATION
fixed length control field 000000n2001 000 0 eng u
035 ## - SYSTEM CONTROL NUMBER
System control number (Sirsi) u112970
245 ## - TITLE STATEMENT
Title Overseas sales now dominate says annual BADA survey
260 ## - PUBLICATION, DISTRIBUTION, ETC.
Date of publication, distribution, etc. 2001
490 ## - SERIES STATEMENT
Series statement Antiques Trade Gazette
Volume/sequential designation (1492) 9 June 2001, 1-2(1)
520 ## - SUMMARY, ETC.
Summary, etc. The British Antique Dealers Association latest survey for 1999/2000 showed that sales to overseas buyers now account for 63% of business among members of the association; this compares to 56% in 1998. Also noted was an increase in turnover for the period among 52% of the respondents, up from 40% the previous year.
590 ## - LOCAL NOTE (RLIN)
Local note WB
650 ## - SUBJECT ADDED ENTRY--TOPICAL TERM
Topical term or geographic name entry element BRITISH ANTIQUE DEALERS ASSOCIATION
650 ## - SUBJECT ADDED ENTRY--TOPICAL TERM
Topical term or geographic name entry element OVERSEAS BUYERS
650 ## - SUBJECT ADDED ENTRY--TOPICAL TERM
Topical term or geographic name entry element SALES FIGURES
690 ## - LOCAL SUBJECT ADDED ENTRY--TOPICAL TERM (OCLC, RLIN)
Topical term or geographic name as entry element Arts and antiques
9 (RLIN) 6217
942 ## - ADDED ENTRY ELEMENTS (KOHA)
Suppress in OPAC 0
Holdings
Withdrawn status Lost status Source of classification or shelving scheme Damaged status Not for loan Home library Current library Shelving location Date acquired Total Checkouts Full call number Barcode Date last seen Copy number Price effective from Koha item type
    Dewey Decimal Classification     London London News article 06/06/2001   WB3722-01 112970-1001 06/08/2019 1 06/08/2019 News article
    Dewey Decimal Classification     London London News article 06/06/2001   WB3722-01 112970-1002 06/08/2019 2 06/08/2019 News article